Les plus grandes villes de France en homonymes photos - Statistiques

Statistiques générales
  • Ce quiz a été pris 134 fois
    127 depuis la dernière actualisation
  • Le résultat moyen est 10 sur 24
Statistiques - réponses
Par images Réponse % Correct
Lyon
100%
Cannes
99%
Troyes
90%
Rennes
84%
Pau
83%
Moulins
73%
Tours
68%
Fougères
50%
Foix
49%
Trappes
43%
Bordeaux
30%
Lens
28%
Caen
27%
Meaux
23%
Colombes
22%
Vannes
20%
Sète
19%
Vichy
18%
Cayenne
14%
Nevers
13%
Tulle
10%
Nancy
6%
Antony
5%
Paris
1%
Aucun quiz correspondant
Distribution des résultats
% des personnes avec chaque résultat
Percentile par nombre de réponses
Votre historique - résultats
Vous n’avez pas pris ce quiz depuis la dernière actualisation